| 000 | 00494nam a22001817a 4500 | ||
|---|---|---|---|
| 999 |
_c17388 _d17388 |
||
| 003 | OSt | ||
| 005 | 20190122162305.0 | ||
| 008 | 190122b xxu||||| |||| 00| 0 eng d | ||
| 020 | _a0134624726 | ||
| 040 | _cKABU | ||
| 050 |
_aRJ245 _b.C45 2019 c.1 |
||
| 245 |
_aChild health Nursing _bpartnering with children and families _cedited by jane W. Ball |
||
| 250 | _a3rd edition | ||
| 260 |
_aBoston _bPearson _c1619 |
||
| 650 | _aPediatric Nursing | ||
| 650 | _aChild Health | ||
| 942 |
_2lcc _cBK |
||